000 00687nam a2200169 i 4500
001 164378
003 ES-MaACL
005 20251005063131.0
008 050802s1867 fr | |||||||| ||fre d
040 _aCAM
_bspa
_cCAM
100 1 _aSainte-Beuve, Charles-Augustin,
_d1804-1869
_9162958
245 1 0 _aA propos des bibliothèques populaires /
_cdiscours de Sainte-Beuve prononcé dans la séance du Sénat le 25 juin 1867.
260 _aParis :
_bMichel Lévy, libraires éditeurs,
_c1867 (
_fJ. Claye imprimeur)
300 _a24 p. ;
_c23 cm.
852 _aES-MaACL
_jT-206-F-5
_z-- Enc. hol., falto de la cub. original
_z-- Enc. en un vol. facticio
999 _c164378
_d164378